| 000 -LEADER |
| fixed length control field |
01659cam a2200337 a 4500 |
| 001 - CONTROL NUMBER |
| control field |
16354928 |
| 003 - CONTROL NUMBER IDENTIFIER |
| control field |
NUST |
| 005 - DATE AND TIME OF LATEST TRANSACTION |
| control field |
20220726135915.0 |
| 008 - FIXED-LENGTH DATA ELEMENTS--GENERAL INFORMATION |
| fixed length control field |
100729s2010 nyuabf b 001 0 eng |
| 010 ## - LIBRARY OF CONGRESS CONTROL NUMBER |
| LC control number |
2010029553 |
| 020 ## - INTERNATIONAL STANDARD BOOK NUMBER |
| International Standard Book Number |
978-0-452-29747-0 (hc) |
| 020 ## - INTERNATIONAL STANDARD BOOK NUMBER |
| International Standard Book Number |
0525951814 (hc) |
| 035 ## - SYSTEM CONTROL NUMBER |
| System control number |
(OCoLC)ocn526057542 |
| 040 ## - CATALOGING SOURCE |
| Original cataloging agency |
DLC |
| Transcribing agency |
DLC |
| Modifying agency |
BTCTA |
| -- |
YDXCP |
| -- |
EINCP |
| -- |
C#P |
| -- |
BUR |
| -- |
BWX |
| -- |
CDX |
| -- |
VP@ |
| -- |
ZJI |
| -- |
IAD |
| -- |
DLC |
| 042 ## - AUTHENTICATION CODE |
| Authentication code |
pcc |
| 050 00 - LIBRARY OF CONGRESS CALL NUMBER |
| Classification number |
GE149 |
| Item number |
.S622 2010 |
| 082 00 - DEWEY DECIMAL CLASSIFICATION NUMBER |
| Classification number |
304.209051, SMI |
| Edition number |
22 |
| 100 1# - MAIN ENTRY--PERSONAL NAME |
| Personal name |
Smith, Laurence C. |
| 9 (RLIN) |
95232 |
| 245 14 - TITLE STATEMENT |
| Title |
The world in 2050 : |
| Remainder of title |
four forces shaping civilization's northern future / |
| Statement of responsibility, etc. |
Laurence C. Smith. |
| 246 3# - VARYING FORM OF TITLE |
| Title proper/short title |
World in two thousand fifty |
| 246 3# - VARYING FORM OF TITLE |
| Title proper/short title |
World in twenty-fifty |
| 260 ## - PUBLICATION, DISTRIBUTION, ETC. |
| Place of publication, distribution, etc. |
New York : |
| Name of publisher, distributor, etc. |
Dutton, |
| Date of publication, distribution, etc. |
c2010. |
| 300 ## - PHYSICAL DESCRIPTION |
| Extent |
322 p., [8] p. of plates : |
| Other physical details |
ill., maps ; |
| Dimensions |
24 cm. |
| 505 0# - FORMATTED CONTENTS NOTE |
| Formatted contents note |
Flying into Fort McMurray (Page-1),Martell's hairy prize (Page-3),Part-I : The push, A tale of teeming cities (Page-26),Iron, oil, and wind (Page-51), California browning, Shanghai drowning (Page-82),Part-II :The pull, Two weddings and a computer model (Page-123),One if by land, two if by sea (Page-144),The third wave (Page-171),Good-bye harpoon, hello briefcase (Page-201),Part-III : Alternate endings,The Pentagon report (Page-223),The new north (Page-248). |
| 650 #0 - SUBJECT ADDED ENTRY--TOPICAL TERM |
| Topical term or geographic name entry element |
Global environmental change |
| General subdivision |
Forecasting. |
| 9 (RLIN) |
95233 |
| 650 #0 - SUBJECT ADDED ENTRY--TOPICAL TERM |
| Topical term or geographic name entry element |
Climatic changes |
| General subdivision |
Forecasting. |
| 9 (RLIN) |
2350 |
| 650 #0 - SUBJECT ADDED ENTRY--TOPICAL TERM |
| Topical term or geographic name entry element |
Twenty-first century |
| Form subdivision |
Forecasts. |
| 9 (RLIN) |
7497 |
| 906 ## - LOCAL DATA ELEMENT F, LDF (RLIN) |
| a |
7 |
| b |
cbc |
| c |
orignew |
| d |
1 |
| e |
ecip |
| f |
20 |
| g |
y-gencatlg |
| 942 ## - ADDED ENTRY ELEMENTS (KOHA) |
| Source of classification or shelving scheme |
|
| Koha item type |
Book |